<?xml version="1.0" encoding="UTF-8"?>
<collection xmlns="http://www.loc.gov/MARC21/slim">
<record>
  <controlfield tag="001">132900</controlfield>
  <controlfield tag="005">20240318114333.0</controlfield>
  <controlfield tag="008">230914s1850    sp ||||| |||| 00| 0 spa d</controlfield>
  <datafield tag="024" ind1="7" ind2=" ">
    <subfield code="a">847716</subfield>
    <subfield code="2">externo</subfield>
  </datafield>
  <datafield tag="024" ind1="7" ind2=" ">
    <subfield code="a">847709</subfield>
    <subfield code="2">externo</subfield>
  </datafield>
  <datafield tag="024" ind1="7" ind2=" ">
    <subfield code="a">847685</subfield>
    <subfield code="2">externo</subfield>
  </datafield>
  <datafield tag="040" ind1=" " ind2=" ">
    <subfield code="a">ES-ZaU</subfield>
  </datafield>
  <datafield tag="100" ind1="1" ind2=" ">
    <subfield code="9">11372</subfield>
    <subfield code="a">Foz, Braulio,</subfield>
    <subfield code="d">1791-1865 </subfield>
  </datafield>
  <datafield tag="245" ind1="1" ind2="3">
    <subfield code="a">La Alopatía y los Homeópatas:</subfield>
    <subfield code="b">Trilogía dramática [manuscrito]/</subfield>
    <subfield code="c">por D. Braulio Foz</subfield>
  </datafield>
  <datafield tag="260" ind1=" " ind2=" ">
    <subfield code="e">[s. l.],</subfield>
    <subfield code="g">1850</subfield>
  </datafield>
  <datafield tag="300" ind1=" " ind2=" ">
    <subfield code="a">1 carpeta (56, 56, 23 p., 2 h.)</subfield>
    <subfield code="c"> 21 x 15,5 cm</subfield>
  </datafield>
  <datafield tag="336" ind1=" " ind2=" ">
    <subfield code="2">rdacontent</subfield>
    <subfield code="a">Texto</subfield>
    <subfield code="b">txt</subfield>
  </datafield>
  <datafield tag="337" ind1=" " ind2=" ">
    <subfield code="2">rdamedia</subfield>
    <subfield code="a">sin mediación</subfield>
    <subfield code="b">n</subfield>
  </datafield>
  <datafield tag="338" ind1=" " ind2=" ">
    <subfield code="2">rdacarrier</subfield>
    <subfield code="a">volumen</subfield>
    <subfield code="b">nc</subfield>
  </datafield>
  <datafield tag="505" ind1=" " ind2=" ">
    <subfield code="a">Contiene: Cuadernillo 1: El homeópata fingido: comedia en tres actos  - Cuadernillo 2: Los alópatas de provincia: comedia en cuatro actos -  Cuadernillo 3: Derrota de la homeopatía - H. separada de la aprobación con firma del censor y sello de la Junta de los Teatros del Reino - H. separada que corresponde a una nota manuscrita: "Teatro Lírico Español..."</subfield>
  </datafield>
  <datafield tag="510" ind1=" " ind2=" ">
    <subfield code="a">Sin referencias</subfield>
  </datafield>
  <datafield tag="600" ind1="1" ind2="4">
    <subfield code="9">11372</subfield>
    <subfield code="a">Foz, Braulio,</subfield>
    <subfield code="d">1791-1865 </subfield>
    <subfield code="v">Manuscritos</subfield>
  </datafield>
  <datafield tag="610" ind1="2" ind2="4">
    <subfield code="9">1205647</subfield>
    <subfield code="a">Universidad de Zaragoza</subfield>
    <subfield code="b">Biblioteca General</subfield>
    <subfield code="x">Archivos personales</subfield>
  </datafield>
  <datafield tag="650" ind1=" " ind2=" ">
    <subfield code="a">literatura española</subfield>
    <subfield code="z">Aragón</subfield>
    <subfield code="y">S.XIX</subfield>
    <subfield code="v">Manuscritos</subfield>
    <subfield code="9">921267</subfield>
  </datafield>
  <datafield tag="856" ind1="4" ind2=" ">
    <subfield code="s">162124</subfield>
    <subfield code="u">http://zaguan.unizar.es/record/132900/files/METS_cargaAPBUZ100_FOZ_1_15.xml</subfield>
    <subfield code="y">Fichero METS</subfield>
  </datafield>
  <datafield tag="856" ind1="4" ind2=" ">
    <subfield code="s">21248162</subfield>
    <subfield code="u">http://zaguan.unizar.es/record/132900/files/vAPBUZ100_FOZ_1_15.pdf</subfield>
    <subfield code="y">Texto completo (pdf)</subfield>
  </datafield>
  <datafield tag="856" ind1="4" ind2=" ">
    <subfield code="s">413342</subfield>
    <subfield code="u">http://zaguan.unizar.es/record/132900/files/vAPBUZ100_FOZ_1_15.jpg?subformat=icon</subfield>
    <subfield code="x">icon</subfield>
    <subfield code="y">Texto completo (pdf)</subfield>
  </datafield>
  <datafield tag="980" ind1=" " ind2=" ">
    <subfield code="b">fondos personales</subfield>
  </datafield>
  <datafield tag="998" ind1=" " ind2=" ">
    <subfield code="a">100</subfield>
    <subfield code="c">m</subfield>
    <subfield code="d">s</subfield>
    <subfield code="e">a</subfield>
  </datafield>
  <datafield tag="999" ind1=" " ind2=" ">
    <subfield code="c">847726</subfield>
    <subfield code="d">1852349</subfield>
  </datafield>
  <datafield tag="999" ind1="f" ind2="f">
    <subfield code="i">91d68f74-a12d-4ac7-b269-af212a0bfc39</subfield>
  </datafield>
  <datafield tag="952" ind1=" " ind2=" ">
    <subfield code="0">0</subfield>
    <subfield code="1">0</subfield>
    <subfield code="3">cf683bb6-a8eb-4aa8-9af9-55c5d524d364</subfield>
    <subfield code="4">0</subfield>
    <subfield code="6">APBUZ100FOZ115</subfield>
    <subfield code="7">0</subfield>
    <subfield code="9">1326250</subfield>
    <subfield code="a">100</subfield>
    <subfield code="b">-</subfield>
    <subfield code="c">c3f7083c-06cf-46f1-9025-51d1c10266e1</subfield>
    <subfield code="d">2023-09-14</subfield>
    <subfield code="e">d</subfield>
    <subfield code="f">-</subfield>
    <subfield code="l">0</subfield>
    <subfield code="o">APBUZ100-FOZ-1-15</subfield>
    <subfield code="r">2023-09-14</subfield>
    <subfield code="w">2023-09-14</subfield>
    <subfield code="x">Digitalizado-2022</subfield>
    <subfield code="y">a3499d44-1378-4e9e-8120-bbfb237e4404</subfield>
    <subfield code="/">f</subfield>
  </datafield>
  <datafield tag="945" ind1=" " ind2=" ">
    <subfield code="a">APBUZ100-FOZ-1-15   </subfield>
  </datafield>
  <datafield tag="037" ind1=" " ind2=" ">
    <subfield code="a">APBUZ100_FOZ_1_15</subfield>
  </datafield>
  <datafield tag="980" ind1=" " ind2=" ">
    <subfield code="a">PERSONAL</subfield>
    <subfield code="b">FOZ</subfield>
  </datafield>
</record>
</collection>